PRADEEP'S NEW COURSE MATHEMATICS (Record no. 241)
[ view plain ]
| 000 -LEADER | |
|---|---|
| fixed length control field | 00289nam a22001217a 4500 |
| 082 ## - DEWEY DECIMAL CLASSIFICATION NUMBER | |
| Classification number | 510 |
| Item number | KUM/P |
| 245 ## - TITLE STATEMENT | |
| Title | PRADEEP'S NEW COURSE MATHEMATICS |
| Remainder of title | CLASS XII |
| 246 ## - VARYING FORM OF TITLE | |
| Title proper/short title | PRADEEP'S NEW COURSE MATHEMATICS |
| Remainder of title | CLASS XII |
| 250 ## - EDITION STATEMENT | |
| Edition statement | 2014 |
| 300 ## - PHYSICAL DESCRIPTION | |
| Number of Pages | M/8 |
| 520 ## - SUMMARY, ETC. | |
| Summary, etc | MATHS TEXTBOOK |
| 942 ## - ADDED ENTRY ELEMENTS (KOHA) | |
| Koha item type | Books |
| Withdrawn status | Lost status | Collection code | Home library | Current library | Shelving location | Date acquired | Source of acquisition | Cost, normal purchase price | Full call number | Accession Number | Koha item type |
|---|---|---|---|---|---|---|---|---|---|---|---|
| Reference | Main Library | Main Library | SHELF-10 D PLUS 2 -MATHS | 24/06/2014 | Purchase | 805.00 | 510 KUM/P | 08855 | Books | ||
| Reference | Main Library | Main Library | SHELF-10 E PLUS 2 -MATHS | 10/07/2014 | purchase | 805.00 | 510 KUM/P | 08873 | Books | ||
| Reference | Main Library | Main Library | SHELF-10 E PLUS 2 -MATHS | 10/07/2014 | purchase | 805.00 | 510 KUM/P | 08872 | Books |